00771cam a2200193 4500001000900000003000900009005001700018008004100035020001800076040002800094082001400122245007500136260003000211300002100241500001100262505023600273650004800509700002000557a4274646CO-ViMGA20230915225022.0080604s2007 sp a | |||| 001 0 spa  a9788449436659 aCO-ViMGAbspacCO-ViMGA04aR150bP8400aPsicología para todosbguía completa para el crecimiento personal  aBarcelonabOceanoc[2007] a4 v.bil.c25 cm aIndice0 av. 1. Aprendizaje, conducta y emociones (220 p.) -- v. 2. Capacidades, personalidad y socializacion (p. 221-456) -- v. 3. Relaciones de grupo, estres y dolor (p. 457-692) -- v. 4. Transtornos, somatizaciones y terapias (p. 693-926)17aPsicologíavObras de divulgación2embne1 aGispert, Carlos